000 00292nam a2200121Ia 4500
008 190216s9999||||xx |||||||||||||| ||und||
100 _aHanumantharao C H & Hans Linnemann
245 0 _aHindi-Pucho Kamaleswar Se
260 _bShilpadan
300 _a134
650 _aHindi
942 _cBK
999 _c16318
_d16318